Private and public finance
Gespeichert in:
| 1. Verfasser: | |
|---|---|
| Format: | Buch |
| Sprache: | Englisch |
| Veröffentlicht: |
Fontana
Collins
1971
|
| Tags: |
Keine Tags, Fügen Sie das erste Tag hinzu!
|
MARC
| LEADER | 00000nam a2200000 4500 | ||
|---|---|---|---|
| 001 | c111690 | ||
| 005 | 20041019155150.5 | ||
| 041 | 0 | |a eng | |
| 044 | |a US | ||
| 245 | 1 | 0 | |a Private and public finance |c G.N. Peters |
| 264 | 1 | |a Fontana |b Collins |c 1971 | |
| 300 | |a 231 s. | ||
| 100 | 1 | |a Peters, G.N. | |